[Event "Kingston Chan Memorial op"]
[Site "Kingston"]
[Date "2017.09.24"]
[Round "6"]
[White "Roberts, Rohan"]
[Black "Bain, Emile"]
[Result "1-0"]
[WhiteElo "1698"]
[BlackElo "1660"]
[PlyCount "87"]
[EventDate "2017.09.21"]
[EventType "swiss"]
[EventRounds "6"]
[EventCountry "JAM"]
[SourceTitle "EXT 2020"]
[Source "ChessBase"]
[SourceDate "2019.10.17"]
[SourceVersion "1"]
[SourceVersionDate "2019.10.17"]
[SourceQuality "1"]

1. e4 e5 2. Nf3 d6 3. d4 exd4 4. Nxd4 Nf6 5. Bg5 Be7 6. Bd3 Nxe4 7. Bxe7 Qxe7 8. 0-0 Nc5 9. Re1 Ne6 10. Bf5 0-0 11. Nc3 Qf6 12. Re4 c5 13. Bxe6 fxe6 14. Nf3 d5 15. Re2 Nc6 16. Qd2 d4 17. Ne4 Qg6 18. Qg5 Qxg5 19. Nexg5 Nb4 20. a3 d3 21. cxd3 Nxd3 22. Ne5 Nxe5 23. Rxe5 Rf5 24. Rae1 Rxe5 25. Rxe5 Bd7 26. Rxc5 h6 27. Nf3 Bc6 28. Ne5 Rd8 29. Kf1 Rd1+ 30. Ke2 Rh1 31. Nxc6 bxc6 32. Rxc6 Rxh2 33. g3 Rh5 34. Rxe6 Rb5 35. b4 Kf7 36. Ra6 Re5+ 37. Kf3 h5 38. Rxa7+ Kf6 39. Ra5 g5 40. Rxe5 Kxe5 41. b5 Kd5 42. a4 Kc5 43. Kg2 Kb6 44. f4 1-0

[Event "Kingston Chan Memorial op"]
[Site "Kingston"]
[Date "2017.09.21"]
[Round "1"]
[White "Bain, Emile"]
[Black "Smith, Shreyas"]
[Result "0-1"]
[WhiteElo "1660"]
[BlackElo "2168"]
[PlyCount "50"]
[EventDate "2017.09.21"]
[EventType "swiss"]
[EventRounds "6"]
[EventCountry "JAM"]
[SourceTitle "EXT 2020"]
[Source "ChessBase"]
[SourceDate "2019.10.17"]
[SourceVersion "1"]
[SourceVersionDate "2019.10.17"]
[SourceQuality "1"]

1. e4 c5 2. b3 e6 3. Nf3 a6 4. Bb2 b5 5. a4 b4 6. c3 bxc3 7. Nxc3 Bb7 8. g3 d6 9. Bg2 Nf6 10. d3 e5 11. 0-0 Be7 12. Ne2 Nc6 13. Ne1 h5 14. f4 h4 15. Rf3 Bc8 16. gxh4 Bg4 17. Rg3 exf4 18. Rxg4 Nxg4 19. Nxf4 Nge5 20. h5 Bg5 21. Nd5 Rb8 22. Nf3 Bf6 23. Qc2 Nxf3+ 24. Bxf3 Nd4 25. Bxd4 Bxd4+ 0-1